• 首页
  • 本馆介绍
  • 公告通知
  • 最新文献
  • 馆藏检索
  • 电子资源
  • 读者导购
  • 参考咨询
  • 我的图书馆
  • 登录
  • 详细信息显示
  • 放入我的书架
  • 预约/预借图书
  • 作者相关作品
  • 分类相关作品
  • 丛书相关作品
  • 出版社相关作品

书目信息

  • 表格格式
  • 工作单格式
  • 卡片格式
题名:
药用高分子材料
    
 
作者: 姚日生 主编
分册:  
出版信息: 北京   化学工业出版社  2008
页数: 275页
开本: 26cm
丛书名:
单 册:
中图分类: TQ460.4
科图分类:
主题词: 高分子材料--制剂辅料(医药)--高等学校--教材 , 高分子材料 , 制剂辅料(医药)
电子资源:
ISBN: 978-7-122-02160-1
000 00973nam0 2200265 45
005 20100303145004.48
010    @a978-7-122-02160-1@dCNY29.80
100    @a20100121d2008 em y0chiy0110 ea
101 0  @achi
102    @aCN@b110000
105    @ay z 000yy
106    @ar
200 1  @a药用高分子材料@AYao Yong Gao Fen Zi Cai Liao@f姚日生主编@FYao Ri Sheng Zhu Bian
205    @a2版
210    @a北京@c化学工业出版社@d2008
215    @a275页@d26cm
300    @a普通高等教育“十一五”国家级规划教材
330    @a本书重点对药用高分子材料的研究、发展作了系统的介绍,简述药用高分子材料的理论基础及应用实例,特别是对其在药物制剂中的应用原理、药用天然高分子材料及其衍生物、药用合成高分子、高分子药物进行了举例说明。
606 0  @a高分子材料@x制剂辅料(医药)@x高等学校@j教材
606 0  @a高分子材料
606 0  @a制剂辅料(医药)
690    @aTQ460.4@v4
701  0 @a姚日生@AYao Ri Sheng@4主编
801  0 @aCN@bTANGWEI@c20100303
905    @b0584838-42@dTQ460.4@e37=2@f5
    
    药用高分子材料/姚日生主编.-2版.-北京:化学工业出版社,2008
    275页;26cm
    普通高等教育“十一五”国家级规划教材
    
    ISBN 978-7-122-02160-1:CNY29.80
    本书重点对药用高分子材料的研究、发展作了系统的介绍,简述药用高分子材料的理论基础及应用实例,特别是对其在药物制剂中的应用原理、药用天然高分子材料及其衍生物、药用合成高分子、高分子药物进行了举例说明。
●
相关链接 在E读中查询图书 在五车中查询图书 在当当中查询图书 在豆瓣中查询图书


正题名:药用高分子材料     索取号:TQ460.4/37=2         预约/预借

序号 登录号 条形码 馆藏地/架位号 状态 备注
1 0584838   205848387   第二样本阅览室/ [索取号:TQ460.4/37=2] 在馆    
2 0584839   205848396   第三借阅区/ [索取号:TQ460.4/37=2] 在馆    
3 0584840   205848403   第三借阅区/ [索取号:TQ460.4/37=2] 在馆    
4 0584841   205848412   第三借阅区/ [索取号:TQ460.4/37=2] 在馆    
5 0584842   205848421   第三借阅区/ [索取号:TQ460.4/37=2] 在馆    
唐山师范学院图书馆 欢迎您!
大连网信软件有限公司© 版权所有